Bài tập kỹ thuật nhiệt

保存先:
書誌詳細
第一著者: Bùi Hải
フォーマット: 図書
言語:Undetermined
出版事項: H. KHKT 2004
主題:
タグ: タグ追加
タグなし, このレコードへの初めてのタグを付けませんか!
Thư viện lưu trữ: Trung tâm Học liệu Trường Đại học Cần Thơ
LEADER 00497nam a2200193Ia 4500
001 CTU_62565
008 210402s9999 xx 000 0 und d
020 |b 14500 
082 |a 621.402 
082 |b H103 
100 |a Bùi Hải 
245 0 |a Bài tập kỹ thuật nhiệt 
245 0 |c Bùi Hải 
260 |a H. 
260 |b KHKT 
260 |c 2004 
650 |a heat engineering 
650 |x problems, exrcises, etc. 
980 |a Trung tâm Học liệu Trường Đại học Cần Thơ